Kopernik und sein Zeitalter Wešelini im Schlosse Muráň

Básnická skladba o M. Kopernikovi a jeho dobe; historická balada Vešelíni na Muráni

Bibliographic Details
Main Author: Godra, Michal, 1801-1874 (Author)
Format: Manuscript Book
Language:German
PhysicalDescription:8 nečíslovaných strán rukopis, voľné listy 26 cm
Balada Vešelíni na Muráni uverejnená v almanachu Zora v roku 1835 v češtine
Published: [Budapešť] [1835]
Subjects:

MARC

LEADER 00000ntmaa2200000 a 4500
001 vtls012063807
003 SK-MaSNL
005 20260301150719.0
008 251021s1835 hu || 000 pdger
035 |a urn:nbn:sk:snk-tm00g3mm 
035 |a urn:nbn:sk:snk-tm3n4ee 
035 |a 971FD225-A774-46E5-B2D6-5F762F5419BA 
040 |a SNKLA  |b slo  |c SNKLA  |e AACR2 
041 0 |a ger 
044 |a hu  |c HU 
072 7 |a 82  |x Literatúra. Literárny život  |2 konspekt 
080 |a 025.171  |2 2011 
080 |a (0:82-1)  |2 2011 
080 |a (0:82-144)  |2 2011 
100 1 |a Godra, Michal,  |d 1801-1874  |4 aut  |9 37939 
245 1 0 |a Kopernik und sein Zeitalter  |b Wešelini im Schlosse Muráň  |c M. Godra 
260 |a [Budapešť]  |c [1835] 
300 |a 8 nečíslovaných strán  |b rukopis, voľné listy  |c 26 cm 
500 |a Na titulnej strane ceruzou číslo 32. 
500 |a Obsahuje dve diela 
520 2 |a Básnická skladba o M. Kopernikovi a jeho dobe; historická balada Vešelíni na Muráni 
530 |a Balada Vešelíni na Muráni uverejnená v almanachu Zora v roku 1835 v češtine 
555 0 |a Inventár rukopisov Literárneho archívu MS V. Archív Slovenského národného múzea. Fondy M 1 - 50. Martin : Matica slovenská 1974 
561 |a Okrúhla pečiatka: Museálna slovenská spoločnosť 
561 |a Okrúhla pečiatka: Matica slovenská Martin Literárny archív 
600 1 7 |a Kopernik, Mikuláš,  |d 1473-1543  |2 SNKMA  |9 124156 
600 1 7 |a Vešeléni, František,  |c gróf,  |d 1605-1667  |2 SNKMA  |9 508345 
610 2 7 |a Muráň (Slovensko : hrad)  |2 SNKKA  |9 58931 
655 7 |a rukopisy  |2 SNKPH  |9 70548 
655 7 |a poézia  |2 SNKPH  |9 70555 
655 7 |a balady  |2 SNKPH  |9 1440 
740 0 2 |a Wešelini im Schlosse Muráň 
852 |a Slovenská národná knižnica  |b Literárny archív 
958 |a MOF 
958 |a LAVD 
999 |c 784385  |d 786315 
952 |a SNKLA  |b SNKLA  |c SNKLA_DEP  |y NEVYP  |7 0  |p 17A1312278  |o snkM 21 E 10  |0 0  |1 0  |4 0  |d 2021-07-29  |f 1  |l 0  |r 2026-02-24 01:15:45  |w 2026-02-24